Vista normal
Vista MARC
Entrada Personal Name
Número de registros utilizados en: 1
001 - CONTROL NUMBER
- control field: 2949
003 - CONTROL NUMBER IDENTIFIER
- control field: DLC
005 - DATE AND TIME OF LATEST TRANSACTION
- control field: 20250603120931.0
008 - FIXED-LENGTH DATA ELEMENTS
- fixed length control field: 850213n| acannaab| |a aaa
010 ## - LIBRARY OF CONGRESS CONTROL NUMBER
- LC control number: n 85006553
035 ## - SYSTEM CONTROL NUMBER
- System control number: (OCoLC)oca01282473
040 ## - CATALOGING SOURCE
- Original cataloging agency: DLC
- Transcribing agency: Mx-PuUPA
- Modifying agency: OCl
- Modifying agency: Mx-PuUPA
- Language of cataloging: spa
- Description conventions: rda
100 10 - HEADING--PERSONAL NAME
- Personal name: Norwood, Robin,
374 ## - OCCUPATION
- Occupation: Autor
375 ## - GENDER
- Gender: hombre
377 ## - ASSOCIATED LANGUAGE
- Language code: eng
400 10 - SEE FROM TRACING--PERSONAL NAME
- Personal name: Norvud, Robin
670 ## - SOURCE DATA FOUND
- Source citation: Author's Women who love too much, c1985:
- Information found: CIP t.p. (Robin Norwood)
670 ## - SOURCE DATA FOUND
- Source citation: Kak prinimatʹ udary sudʹby, 1995:
- Information found: t.p. (Robin Norvud)